[Event "POL-ch sf U20"]
[Site "Ostrow Wielkopolski"]
[Date "1996.??.??"]
[Round "2"]
[White "Bartel, Mateusz"]
[Black "Bialy, Rafal"]
[Result "1-0"]
[WhiteElo "2060"]
[BlackElo "2155"]
[PlyCount "98"]
[EventDate "1996.??.??"]
[EventType "swiss"]
[EventRounds "9"]
[EventCountry "POL"]
[SourceTitle "EXT 2006"]
[Source "ChessBase"]
[SourceDate "2005.11.24"]
[SourceVersion "1"]
[SourceVersionDate "2005.11.24"]
[SourceQuality "1"]

1. c4 Nf6 2. Nf3 g6 3. g3 Bg7 4. Bg2 0-0 5. d4 d5 6. cxd5 Nxd5 7. 0-0 Nb6 8. Nc3 Nc6 9. d5 Na5 10. e4 c6 11. Re1 Bd7 12. Bf4 Nac4 13. Qe2 Rc8 14. Rac1 cxd5 15. Nxd5 Bb5 16. b3 Nd6 17. Nxe7+ Qxe7 18. Bxd6 Qxd6 19. Qxb5 Qa3 20. Rxc8 Rxc8 21. Qe2 Bb2 22. Rb1 Bc3 23. Ne1 Rd8 24. Nd3 Nd7 25. Qc2 Bf6 26. Rd1 b6 27. Nf4 Nc5 28. Nd5 Kg7 29. Rd2 Re8 30. Nxf6 Kxf6 31. Qc3+ Ke7 32. Qe5+ Ne6 33. Rc2 Kf8 34. Qh8+ Ke7 35. Qxh7 Rd8 36. Bf3 Qd6 37. Qh4+ Ke8 38. Qh8+ Nf8 39. Qc3 Nd7 40. Qh8+ Ke7 41. Qh4+ Ke8 42. Qh8+ Ke7 43. Qc3 Nc5 44. b4 Ne6 45. Bg4 f5 46. exf5 gxf5 47. Bh5 f4 48. Bg4 Rf8 49. Re2 Rf6 1-0

[Event "Hallsberg op 9596 U18"]
[Site "Hallsberg"]
[Date "1996.??.??"]
[Round "4"]
[White "Bialy, Rafal"]
[Black "Doettling, Fabian"]
[Result "1/2-1/2"]
[WhiteElo "2155"]
[BlackElo "2230"]
[PlyCount "84"]
[EventDate "1995.??.??"]
[EventType "swiss"]
[EventRounds "9"]
[EventCountry "SWE"]
[SourceTitle "EXT 2001"]
[Source "ChessBase"]
[SourceDate "2000.11.22"]
[SourceVersion "1"]
[SourceVersionDate "2000.11.22"]
[SourceQuality "1"]

1. d4 Nf6 2. Nf3 g6 3. c4 Bg7 4. Nc3 d6 5. e4 0-0 6. Be2 e5 7. 0-0 exd4 8. Nxd4 Re8 9. f3 Nc6 10. Be3 Nh5 11. Qd2 Nxd4 12. Bxd4 Nf4 13. Bxg7 Qg5 14. Kf2 Kxg7 15. Qd4+ Kg8 16. g3 Nxe2 17. Nxe2 Qe5 18. Rad1 Be6 19. b3 a6 20. Nc3 Qxd4+ 21. Rxd4 Kg7 22. Nd5 Rac8 23. Rc1 b6 24. Rc2 f6 25. Rd1 Red8 26. b4 Rd7 27. Nf4 Kf7 28. Nd5 Rb8 29. Rdc1 h6 30. Ke2 Rb7 31. Ne3 Re7 32. Kd3 Kg7 33. Rc3 Rd7 34. a3 Ra7 35. Nd5 a5 36. b5 Ra8 37. Nf4 Bf7 38. Nd5 Re8 39. Kd4 Be6 40. Re3 Rf7 41. Rce1 Ref8 42. f4 Rd8 1/2-1/2

[Event "Hallsberg op 9596 U18"]
[Site "Hallsberg"]
[Date "1996.??.??"]
[Round "2"]
[White "Bialy, Rafal"]
[Black "Gretarsson, Helgi Ass"]
[Result "1/2-1/2"]
[WhiteElo "2155"]
[BlackElo "2450"]
[PlyCount "89"]
[EventDate "1995.??.??"]
[EventType "swiss"]
[EventRounds "9"]
[EventCountry "SWE"]
[SourceTitle "EXT 2001"]
[Source "ChessBase"]
[SourceDate "2000.11.22"]
[SourceVersion "1"]
[SourceVersionDate "2000.11.22"]
[SourceQuality "1"]

1. d4 d5 2. Nf3 Nf6 3. c4 c6 4. Nc3 dxc4 5. a4 Na6 6. e4 Bg4 7. Bxc4 e6 8. 0-0 Nb4 9. Bg5 h6 10. Bh4 Bxf3 11. gxf3 Be7 12. f4 0-0 13. Qb3 Nh5 14. Bxe7 Qxe7 15. Ne2 Kh8 16. Qh3 Nf6 17. Qf3 a5 18. Nc3 Ne8 19. d5 Nd6 20. b3 cxd5 21. exd5 Qf6 22. Rad1 e5 23. Ne2 g5 24. f5 g4 25. Qc3 Ne4 26. Qe3 Ng5 27. Kh1 Qxf5 28. Ng3 Qf3+ 29. Qxf3 Nxf3 30. Nf5 Nc2 31. d6 Ncd4 32. Nxh6 f5 33. Nf7+ Kg7 34. Bd5 Rh8 35. Bxf3 Nxf3 36. Nxh8 Rxh8 37. Kg2 Rxh2+ 38. Kg3 Rh3+ 39. Kg2 Nh4+ 40. Kg1 Nf3+ 41. Kg2 Nh4+ 42. Kg1 Nf3+ 43. Kg2 Rh2+ 44. Kg3 Rh3+ 45. Kg2 1/2-1/2

[Event "POL-chT U18"]
[Site "Poland"]
[Date "1996.??.??"]
[Round "?"]
[White "Bialy, Rafal"]
[Black "Hnydiuk, Aleksander"]
[Result "1/2-1/2"]
[WhiteElo "2155"]
[BlackElo "2295"]
[PlyCount "120"]
[EventDate "1996.??.??"]
[EventType "team"]
[EventRounds "11"]
[EventCountry "POL"]
[SourceTitle "EXT 1999"]
[Source "ChessBase"]
[SourceDate "1998.11.16"]
[SourceVersion "1"]
[SourceVersionDate "1998.11.16"]
[SourceQuality "1"]

1. d4 f5 2. g3 Nf6 3. Bg2 g6 4. Nf3 Bg7 5. 0-0 0-0 6. c4 d6 7. Nc3 c6 8. Re1 Na6 9. a3 Qe8 10. b4 Qf7 11. Qd3 h6 12. Rb1 Nc7 13. b5 Ne4 14. bxc6 bxc6 15. Nd2 Ba6 16. Ncxe4 fxe4 17. Qe3 d5 18. Rf1 dxc4 19. Nxe4 Nd5 20. Qd2 c3 21. Rd1 Rab8 22. Rxb8 Rxb8 23. Nc5 Bc8 24. e4 Nf6 25. Qd3 Nd7 26. Nxd7 Bxd7 27. Qxc3 Qb3 28. Qc5 Be6 29. Be3 Bf7 30. Qxa7 Rb7 31. Qc5 Qc4 32. Qxc4 Bxc4 33. Rc1 Bb5 34. Bf1 Kf7 35. Rb1 Rd7 36. Bxb5 cxb5 37. Rxb5 Bxd4 38. Bxd4 Rxd4 39. Rb4 Rd1+ 40. Kg2 Ra1 41. Ra4 g5 42. Ra6 e6 43. h3 Ra2 44. Kf3 Kf6 45. h4 gxh4 46. gxh4 Kf7 47. Kg3 Ra1 48. a4 Ra2 49. f3 Kf6 50. f4 Kf7 51. a5 h5 52. Ra8 Ra3+ 53. Kf2 Kg7 54. a6 Kh7 55. a7 Kg7 56. f5 exf5 57. exf5 Ra6 58. Ke3 Ra3+ 59. Kf4 Kf7 60. Rh8 Kf6 1/2-1/2

[Event "POL-ch sf U20"]
[Site "Ostrow Wielkopolski"]
[Date "1996.??.??"]
[Round "1"]
[White "Bialy, Rafal"]
[Black "Sawicki, Mikolaj"]
[Result "1/2-1/2"]
[WhiteElo "2155"]
[BlackElo "2020"]
[PlyCount "67"]
[EventDate "1996.??.??"]
[EventType "swiss"]
[EventRounds "9"]
[EventCountry "POL"]
[SourceTitle "EXT 2006"]
[Source "ChessBase"]
[SourceDate "2005.11.24"]
[SourceVersion "1"]
[SourceVersionDate "2005.11.24"]
[SourceQuality "1"]

1. d4 d5 2. Nf3 Nf6 3. c4 e6 4. Nc3 Be7 5. Bg5 0-0 6. e3 h6 7. Bh4 b6 8. cxd5 Nxd5 9. Bxe7 Qxe7 10. Nxd5 exd5 11. Rc1 Be6 12. Bd3 c5 13. 0-0 Nd7 14. Bb1 Rfd8 15. dxc5 bxc5 16. Ne1 Rab8 17. Qc2 Nf6 18. Qxc5 Qxc5 19. Rxc5 Rxb2 20. Nd3 Rb7 21. Nf4 Ne4 22. Bxe4 dxe4 23. Nxe6 fxe6 24. Rc4 Rd2 25. Rxe4 Rxa2 26. Rxe6 a5 27. g3 a4 28. Re4 a3 29. Ra4 Rb3 30. Rc1 Rd2 31. Rc8+ Kh7 32. Rca8 Rbb2 33. Rf4 a2 34. Kg2 1/2-1/2

[Event "POL-ch sf U20"]
[Site "Ostrow Wielkopolski"]
[Date "1996.??.??"]
[Round "4"]
[White "Galkiewicz, Dariusz"]
[Black "Bialy, Rafal"]
[Result "0-1"]
[WhiteElo "2115"]
[BlackElo "2155"]
[PlyCount "82"]
[EventDate "1996.??.??"]
[EventType "swiss"]
[EventRounds "9"]
[EventCountry "POL"]
[SourceTitle "EXT 2006"]
[Source "ChessBase"]
[SourceDate "2005.11.24"]
[SourceVersion "1"]
[SourceVersionDate "2005.11.24"]
[SourceQuality "1"]

1. d4 Nf6 2. c4 g6 3. Nc3 Bg7 4. e4 d6 5. Nf3 0-0 6. Be2 e5 7. 0-0 Nc6 8. d5 Ne7 9. Ne1 Nd7 10. Be3 f5 11. f3 f4 12. Bf2 g5 13. a4 Ng6 14. a5 h5 15. b4 Nf6 16. c5 g4 17. c6 g3 18. hxg3 fxg3 19. Bxg3 h4 20. Bf2 Nh5 21. cxb7 Bxb7 22. f4 Nhxf4 23. Bg4 Qg5 24. Ra2 Bc8 25. Bxc8 Raxc8 26. Kh1 Nh5 27. Nf3 Qh6 28. Ng1 Ng3+ 29. Bxg3 hxg3+ 30. Nh3 Nf4 31. Rxf4 Rxf4 32. Ne2 Rh4 33. Neg1 Rxe4 34. Qf3 Qg6 35. Qd3 Rf8 36. Rc2 Rf7 37. Qa6 Re1 38. Qc8+ Kh7 39. Rc4 Qh5 40. Rg4 Rff1 41. Rxg7+ Kxg7 0-1

[Event "POL-chT U18"]
[Site "Poland"]
[Date "1996.??.??"]
[Round "?"]
[White "Lupkowski, Edward"]
[Black "Bialy, Rafal"]
[Result "1-0"]
[WhiteElo "2180"]
[BlackElo "2155"]
[PlyCount "97"]
[EventDate "1996.??.??"]
[EventType "team"]
[EventRounds "11"]
[EventCountry "POL"]
[SourceTitle "EXT 1999"]
[Source "ChessBase"]
[SourceDate "1998.11.16"]
[SourceVersion "1"]
[SourceVersionDate "1998.11.16"]
[SourceQuality "1"]

1. e4 c5 2. Nf3 d6 3. Bb5+ Nc6 4. 0-0 Bd7 5. Re1 Nf6 6. Nc3 e6 7. d4 cxd4 8. Nxd4 Qc7 9. Bg5 Be7 10. Bf1 a6 11. Qd2 0-0 12. Rad1 Rfd8 13. Re3 b5 14. a3 Nxd4 15. Qxd4 Bc6 16. Rg3 Kh8 17. Rh3 Qb7 18. Bd3 e5 19. Qe3 Bd7 20. Rh4 Be6 21. Nd5 Ng8 22. Bxe7 Nxe7 23. Qg5 Ng6 24. Rh5 Kg8 25. f4 h6 26. Qg3 Bxd5 27. exd5 exf4 28. Qg4 Qb6+ 29. Kh1 Qe3 30. Bxg6 fxg6 31. Qxg6 Re8 32. Rf1 Rf8 33. Rxh6 Rf6 34. Qh7+ Kf7 35. Rxf6+ Kxf6 36. Qh4+ g5 37. Qh6+ Kf5 38. Qh7+ Ke5 39. Qe7+ Kd4 40. c3+ Kd3 41. Qh7+ Kc4 42. b3+ Kxb3 43. Qb1+ Kc4 44. Qb4+ Kxd5 45. Rd1+ Kc6 46. Qxd6+ Kb7 47. Qd5+ Ka7 48. Qc6 Rd8 49. Qc7+ 1-0

[Event "POL-chT U18"]
[Site "Poland"]
[Date "1996.??.??"]
[Round "?"]
[White "Mikrut, Dariusz"]
[Black "Bialy, Rafal"]
[Result "1/2-1/2"]
[WhiteElo "2140"]
[BlackElo "2155"]
[PlyCount "70"]
[EventDate "1996.??.??"]
[EventType "team"]
[EventRounds "11"]
[EventCountry "POL"]
[SourceTitle "EXT 1999"]
[Source "ChessBase"]
[SourceDate "1998.11.16"]
[SourceVersion "1"]
[SourceVersionDate "1998.11.16"]
[SourceQuality "1"]

1. d4 Nf6 2. c4 g6 3. Nc3 Bg7 4. e4 d6 5. f3 0-0 6. Be3 c5 7. dxc5 dxc5 8. Qxd8 Rxd8 9. Bxc5 Nc6 10. Nd5 Nd7 11. Bxe7 Nxe7 12. Nxe7+ Kf8 13. Nd5 Bxb2 14. Rb1 Bg7 15. Nh3 b6 16. Nf2 Bb7 17. Be2 Rac8 18. f4 Nc5 19. Bg4 Rc6 20. 0-0 Bd4 21. Bf3 Nd3 22. Nb4 Bxf2+ 23. Rxf2 Nxf2 24. Nxc6 Nh3+ 25. gxh3 Bxc6 26. c5 bxc5 27. Rc1 Rd4 28. Rxc5 Bxe4 29. Bxe4 Rxe4 30. Ra5 Rxf4 31. Rxa7 Rc4 32. Kg2 Rc3 33. a4 Ra3 34. h4 Kg7 35. a5 h5 1/2-1/2

[Event "EU-ch U16"]
[Site "Zagan"]
[Date "1995.??.??"]
[Round "2"]
[White "Bialy, Rafal"]
[Black "Eusebe, Aurelien"]
[Result "1/2-1/2"]
[WhiteElo "2125"]
[BlackElo "2125"]
[PlyCount "83"]
[EventDate "1995.??.??"]
[EventType "swiss"]
[EventRounds "11"]
[EventCountry "POL"]
[SourceTitle "EXT 1997"]
[Source "ChessBase"]
[SourceDate "1996.11.15"]
[SourceVersion "1"]
[SourceVersionDate "1996.11.15"]
[SourceQuality "1"]

1. d4 Nf6 2. Nf3 g6 3. c4 Bg7 4. Nc3 0-0 5. e4 d6 6. Be2 e5 7. 0-0 Nc6 8. d5 Ne7 9. Ne1 Nd7 10. Be3 f5 11. f3 f4 12. Bf2 g5 13. a4 Kh8 14. a5 a6 15. b4 Ng8 16. c5 h5 17. cxd6 cxd6 18. Na4 Ngf6 19. Rc1 Qe8 20. Qb3 g4 21. b5 Qg6 22. bxa6 gxf3 23. axb7 Bxb7 24. Bxf3 Ba6 25. Nb6 Rfb8 26. Qc2 Nxb6 27. axb6 Bxf1 28. Kxf1 Qf7 29. Qc7 Qd7 30. Rc6 Bf8 31. Qxd7 Nxd7 32. Bxh5 Nf6 33. Bf3 Ra4 34. Bd1 Rxe4 35. Bc2 Rb4 36. Nd3 Rb5 37. Nxe5 dxe5 38. Rxf6 Rxd5 39. Be4 Rd6 40. Rf5 Bg7 41. g3 fxg3 42. hxg3 1/2-1/2

[Event "Krynica op"]
[Site "Krynica"]
[Date "1995.??.??"]
[Round "1"]
[White "Kislov, Mikhail"]
[Black "Bialy, Rafal"]
[Result "1-0"]
[WhiteElo "2400"]
[BlackElo "2115"]
[PlyCount "73"]
[EventDate "1995.??.??"]
[EventType "swiss"]
[EventRounds "9"]
[EventCountry "POL"]
[SourceTitle "EXT 2004"]
[Source "ChessBase"]
[SourceDate "2003.11.25"]
[SourceVersion "1"]
[SourceVersionDate "2003.11.25"]
[SourceQuality "1"]

1. e4 c5 2. Nf3 d6 3. d4 cxd4 4. Nxd4 Nf6 5. Nc3 e6 6. g4 a6 7. g5 Nfd7 8. Be3 b5 9. Qd2 Bb7 10. Bg2 Ne5 11. b3 Ng4 12. 0-0 Nxe3 13. Qxe3 Be7 14. f4 Nc6 15. Nxc6 Bxc6 16. h4 h6 17. Rad1 Rc8 18. Ne2 hxg5 19. hxg5 Bd7 20. c3 Qc7 21. Kf2 Qc5 22. Rh1 Qxe3+ 23. Kxe3 Rxh1 24. Rxh1 Bc6 25. Rh8+ Kd7 26. Rh7 Bf8 27. Bh3 Ke7 28. f5 d5 29. f6+ gxf6 30. g6 dxe4 31. Rxf7+ Kd6 32. g7 Be7 33. c4 bxc4 34. bxc4 f5 35. c5+ Kd7 36. Nf4 Rg8 37. Ng6 1-0

[Event "EU-ch U16"]
[Site "Zagan"]
[Date "1995.??.??"]
[Round "8"]
[White "Smetankin, Stanislav"]
[Black "Bialy, Rafal"]
[Result "1-0"]
[WhiteElo "2315"]
[BlackElo "2125"]
[PlyCount "96"]
[EventDate "1995.??.??"]
[EventType "swiss"]
[EventRounds "11"]
[EventCountry "POL"]
[SourceTitle "EXT 1997"]
[Source "ChessBase"]
[SourceDate "1996.11.15"]
[SourceVersion "1"]
[SourceVersionDate "1996.11.15"]
[SourceQuality "1"]

1. d4 Nf6 2. c4 g6 3. Nc3 Bg7 4. e4 d6 5. f3 0-0 6. Be3 c5 7. d5 e6 8. Qd2 exd5 9. cxd5 a6 10. a4 Re8 11. Bd3 Nbd7 12. Nh3 Rb8 13. Nf2 Ne5 14. Be2 Bd7 15. a5 Bc8 16. 0-0 b5 17. axb6 Rxb6 18. h3 Rb4 19. Ra4 Qb6 20. Rb1 Bb7 21. f4 Nfd7 22. Bf3 a5 23. Nd3 Rxa4 24. Nxa4 Qc7 25. Nc3 Ba6 26. Re1 c4 27. Nc1 Nc5 28. Bd4 Ncd3 29. Nxd3 cxd3 30. Qf2 Nd7 31. Bxg7 Kxg7 32. Bg4 Re7 33. Ra1 Nc5 34. Re1 Nb3 35. Bd1 Nc5 36. e5 Nb7 37. Qg3 Re8 38. Ba4 Rf8 39. Qh4 f6 40. exf6+ Rxf6 41. Ne4 Rf5 42. Ng5 Qb6+ 43. Kh2 h5 44. Re7+ Kg8 45. Ne6 Qxb2 46. Re8+ Kh7 47. Qe7+ Kh6 48. Rg8 Qf6 1-0

[Event "Bytom op"]
[Site "Bytom"]
[Date "1995.??.??"]
[Round "?"]
[White "Struk, Jerzy"]
[Black "Bialy, Rafal"]
[Result "1-0"]
[WhiteElo "2125"]
[BlackElo "2125"]
[PlyCount "51"]
[EventDate "1995.??.??"]
[EventType "swiss"]
[EventRounds "9"]
[EventCountry "POL"]
[SourceTitle "EXT 1997"]
[Source "ChessBase"]
[SourceDate "1996.11.15"]
[SourceVersion "1"]
[SourceVersionDate "1996.11.15"]
[SourceQuality "1"]

1. e4 c5 2. Nf3 d6 3. d4 cxd4 4. Nxd4 Nf6 5. Nc3 e6 6. Be2 Be7 7. 0-0 a6 8. f4 Nc6 9. Kh1 Qc7 10. Be3 0-0 11. Qe1 Nxd4 12. Bxd4 b5 13. a3 Bb7 14. Qg3 Bc6 15. Rae1 Qb7 16. Bd3 b4 17. axb4 Qxb4 18. Ne2 Qb7 19. e5 Nh5 20. Qh3 g6 21. Ng3 dxe5 22. Bxe5 Nxg3+ 23. hxg3 Rac8 24. g4 Bb5 25. Rf3 Bxd3 26. Qxh7+ 1-0